00275nam a2200121Ia 45000030006000000080041000060400015000471000017000622450025000792600020001045460012001240050017001360STCL150530s9999 xx 000 0 und d aSTCLcSTCL aThomas Hardy aReturn of the native bMacmillanc1953 aEnglish20220125171101.0